000 00541nam a2200181Ia 4500
008 151202s9999||||xx |||||||||||||| ||und||
082 _bPNVM-56180
100 _aराजे शैलजा.
245 _aव्हिडीओ.
260 _b"नवचैतन्य प्रकाशन,बोरोवली."
260 _c0
300 _a125
600 _aराजे शैलजा.
630 _aव्हिडीओ.
700 _aराजे शैलजा.
730 _aव्हिडीओ.
942 _cBOOK
999 _c1322718
_d1322715